1837 1509 1630 1417 1541 1479 1827 1234 1964 1593 1517 1518 1445 1162 1962 1582 1697 1377 1040 1153 1139 1096 1283 1467 1404 1005 1220 1409 1717 1323 1883 1477 1996 1906 1647 1619 1692 1753 1044 1222 1279 1370 1753 1165 1351 1147 1392 1813 1478 1424 1778 1912 1757 1445 1883 1250 1897 1661 1400 1118 1314 1985 1891 1094 1517 1493 1561 1765 1068 1118 1879 1112 1990 1424 1600 1141 1808 1621 1925 1066 1234 1736 1965 1112 1711 1985 1600 1364 1871 1981 1330 1385 1248 1837 1723 1614 1464 1752 1850 BCNSPRNW ULIB Ver.6.0+V

เปลี่ยนเป็นภาษาไทย

Change to English
 แสดงรายละเอียดบรรณานุกรม
  กลับหน้าหลัก

Brief Record : Get Marc (ISO 2709) : E-mail record : QR code < ปิดหน้าต่าง
LEADER : 00000nam 2200000uu 4500
001    13399112005
003     ULIB
008    110719s2549||||th 000 0 tha d
020    9749480589
050  4 PL1130^bก137ฝ 2549
100 0  กมลวัต ณัฐวรา
245 10 ฝึกพูดภาษาไทยไว้ใช้งาน =^bThai for daily use /^cกมลวัตณัฐวรา
246 31 Thai for daily use
260    กรุงเทพฯ :^bเจ.บี.,^c2549
300    237 หน้า ;^c21 ซม.
650  4 ภาษาไทย^xตำราสำหรับชนต่างชาติ
650  4 ภาษาไทย^xคำและวลีภาษาต่างประเทศ
945    ^p190^l0^i020578
995    เกษร
999 ^a ใช้งานได้ทุกระบบ
รายการนี้ยังไม่มีแท็ก
คุณยังไม่ได้ล็อกอิน คุณสามารถมีกิจกรรมร่วมกับเว็บไซต์ได้ แต่ต้องล็อกอินก่อน ::
  ล็อกอิน

รายการสื่อสารสนเทศ

ลำดับที่ ประเภท เลขเรียก/บาร์โค้ด สถานที่ สถานะ
- ไม่พบข้อมูล -

รายการใกล้เคียง
    ผู้แต่ง [กมลวัต ณัฐวรา]

BibComment


ยังไม่เคยถูกคอมเมนท์

คอมเมนท์ทรัพยากรรายการนี้
  คอมเมนท์: ฝึกพูดภาษาไทยไว้ใ..


 Copyright 2026. Bcnsprnw @Library